High School English Grammar & Composition / (Record no. 799)
[ view plain ]
| 000 -LEADER | |
|---|---|
| Fixed length control field | 00488nam a2200169 4500 |
| 003 - CONTROL NUMBER IDENTIFIER | |
| Control field | SEACOMMC |
| 005 - DATE AND TIME OF LATEST TRANSACTION | |
| Control field | 20250501134215.0 |
| 008 - FIXED-LENGTH DATA ELEMENTS--GENERAL INFORMATION | |
| Fixed length control field | 241127b |||||||| |||| 00| 0 eng d |
| 020 ## - INTERNATIONAL STANDARD BOOK NUMBER / ISBN | |
| International Standard Book Number | 978-93-525-3014-4 |
| Price | Rs.165.00 |
| 040 ## - CATALOGING SOURCE | |
| Original cataloging agency | SEACOMMC |
| 082 ## - DEWEY DECIMAL CLASSIFICATION NUMBER | |
| Classification number | 425 |
| Book Number | W 945 |
| 100 ## - MAIN ENTRY--PERSONAL NAME | |
| Personal name | Wren, P.C. |
| 245 1# - TITLE STATEMENT | |
| Title | High School English Grammar & Composition / |
| Statement of responsibility | P.C Wren [and ]H Martin |
| 260 ## - IMPRINT | |
| Place of publication | New Delhi |
| Name of publisher | S. Chand Publishing |
| Date of publication | 2007 |
| 650 ## - SUBJECT ADDED ENTRY--TOPICAL TERM | |
| Topical term | English language -- Grammar |
| 942 ## - ADDED ENTRY ELEMENTS (KOHA) | |
| Koha item type | Books |
| Withdrawn status | Lost status | Source of classification | Damaged status | Not for loan | Home library | Current library | Shelving location | Date acquired | Total Checkouts | Call number | Accession number | Checked out | Date last seen | Date checked out | Price effective from | Koha item type | Copy number |
|---|---|---|---|---|---|---|---|---|---|---|---|---|---|---|---|---|---|
| Dewey Decimal Classification | SEACOM MANAGEMENT COLLEGE | SEACOM MANAGEMENT COLLEGE | Reference | 23/11/2007 | 1 | 425 W 945 | M-1034 | 20/11/2025 | 06/11/2025 | 06/11/2025 | 27/11/2024 | Books | |||||
| Dewey Decimal Classification | SEACOM MANAGEMENT COLLEGE | SEACOM MANAGEMENT COLLEGE | 23/11/2007 | 425 W 945 | M-1035 | 27/11/2024 | 27/11/2024 | Books | 1 | ||||||||
| Dewey Decimal Classification | SEACOM MANAGEMENT COLLEGE | SEACOM MANAGEMENT COLLEGE | 23/11/2007 | 425 W 945 | M-1036 | 27/11/2024 | 27/11/2024 | Books | 2 | ||||||||
| Dewey Decimal Classification | SEACOM MANAGEMENT COLLEGE | SEACOM MANAGEMENT COLLEGE | 17/01/2008 | 425 W 945 | M-1740 | 28/01/2025 | 28/01/2025 | Books | 3 | ||||||||
| Dewey Decimal Classification | SEACOM MANAGEMENT COLLEGE | SEACOM MANAGEMENT COLLEGE | 17/01/2008 | 425 W 945 | M-1741 | 28/01/2025 | 28/01/2025 | Books | 4 | ||||||||
| Dewey Decimal Classification | SEACOM MANAGEMENT COLLEGE | SEACOM MANAGEMENT COLLEGE | 17/01/2008 | 425 W 945 | M-1742 | 28/01/2025 | 28/01/2025 | Books | 5 |
